LEADER 01613nam a2200349 u 4500 001 000000043897 003 CaOOAMICUS 005 20070226114505.0 008 990415s1991 it u000 u ita u 020 $a8816402997 035 $a10820155 040 $aPUL(R)$bita 245 03$aLa critica al Marxismo in Russia agli inizi del secolo /$cA. Dell'Asta ... [et al.] ; prefazione di Vittorio Strada. 260 $aMilano :$bJaca Book,$cc1991. 300 $a167 p. ;$c23 cm 490 1 $aBiblioteca ISTRA 490 1 $aDi fronte e attraverso ;$v299 504 $aBibliografia in nota. 650 4$aMarxismo.$0(OLS)http://pul/subject/4889 651 4$aRussia$xStoria$yRivoluzione, 1917-1921.$0(OLS)http://pul/subject/16191 700 1 $aStrada, Vittorio,$d1929-$0(OLS)http://pul/name/10371 700 1 $aDell'Asta, Adriano.$0(OLS)http://pul/name/32096 830 0$aDi fronte e attraverso ;$v299.$0(OLS)http://pul/title/138 830 0$aBiblioteca ISTRA.$0(OLS)http://pul/title/59213 850 $aPUL 852 $aPUL$W1$xDP1 Cons. Gen., Altre Classi 1$y22$m45 F 90$j59150$nBK-PRI$b $qStampati$B59150$CPULBib$Z2$F59150 $H $81 852 $aPUL$W1$xDP1 Cons. Gen., Altre Classi 1$y22$m842 C 48$j59151$nBK-PRI$b $qStampati$B59151$CPULBib$Z2$F59151 $H79034 $81 941 1 $a8 961 $aINV: 68409 996 $6020$a8816402997$9(OLS)http://pul/number/54724 996 $6245$aLa critica al Marxismo in Russia agli inizi del secolo$9(OLS)http://pul/title/59212 996 $6260$aMilano :$bJaca Book$9(OLS)http://pul/publisher/47900 LEADER 01175naa a2200241 u 4500 001 000000096743 003 CaOOAMICUS 005 20070226130147.0 008 041210s1981 it u000 u fre u 020 $a2728300267 035 $a11018654 040 $aIAR$bita 100 1 $aLavalle, Denis.$0(OLS)http://pul/name/61594 245 14$aUne décoration à Rome, au milieu du XVIIIe siècle :$bLe ch{oelig}ur de l'église Saint-Louis-des-Français /$cDenis Lavalle. 260 $aRome :$bAcadémie de France :$bEcole française de Rome,$c1981. 300 $aS. 249-331 ;$c25 cm 610 24$aSan Luigi dei Francesi (chiesa : Roma).$0(OLS)http://pul/subject/30533 773 0 $aLes fondations nationales dans la Rome pontificale. 773 0 $tCollection de l'Ecole française de Rome$g52 773 0 $tLes Fondations nationales dans la Rome pontificale$w()907 996 $6020$a2728300267$9(OLS)http://pul/number/1218 996 $6245$aUne décoration à Rome, au milieu du XVIIIe siècle :$bLe ch{oelig}ur de l'église Saint-Louis-des-Français$9(OLS)http://pul/title/123625 996 $6260$aRome :$bAcadémie de France :$bEcole française de Rome$9(OLS)http://pul/publisher/48415